เปลี่ยนเป็นภาษาไทย

Change to English
 แสดงรายละเอียดบรรณานุกรม
  กลับหน้าหลัก

Brief Record : Get Marc (ISO 2709) : E-mail record : QR code กลับ
E-books : เกี่ยวกับ Collections
LEADER 00000nam a2200000Ia 4500
001    13399128798
003     BCNR
008    200616s2568 th a b 000 0 tha d
020    ^a9786168207093
041    ^atha
060 04 ^aWH170^bน927 2568
245 00 ^aแนวทางเวชปฏิบัติสำหรับการรักษาภาวะโลหิตจางและธาลัสซีเมีย ฉบับปรุงปรุง ปี พ.ศ. 2568 =^bGuidelines for the management of anemia and thalassemia /^cโดย คณะอนุกรรมการจัดทำแนวทางการรักษาโรค Red Cell Disorders สมาคมโลหิตวิทยาแห่งประเทศไทย
250    ^aพิมพ์ครั้งที่ 1
260    ^aกรุงเทพฯ :^bสมาคมโลหิตวิทยาแห่งประเทศไทย,^c2568
300    ^a274 หน้า :^bตาราง, แผนภูมิ ;^c26 ซม.
505 0  ^aแนวทางเวชปฏิบัติสำหรับการรักษาภาวะโลหิตจาง -- บทที่ 1 Approach to anemia -- บทที่ 2 Anemia in newborn -- บทที่ 3 Anemia in the elderly -- บทที่ 4 Iron deficiency anemia -- บทที่ 5 Megaloblastic anemia -- บทที่ 6 Red blood cell enzyme deficiencies -- บทที่ 7 Red blood cell membrane disorders -- บทที่ 8 Autoimmune hemolytic anemia (AIHA) -- บทที่ 9 Paroxysmal nocturnal hemoglobinuria -- แนวทางเวชปฏิบัติสำหรับการรักษาธาลัสซีเมีย -- บทที่ 1 ระบาดวิทยาและชนิดของโรคโลหิตจางธาลัสซีเมีย -- บทที่ 2 การตรวจวินิจฉัยทางห้องปฏิบัติการ -- บทที่ 3 แนวทางการให้เลือดสำหรับผู้ป่วยธาลัสซีเมีย -- บทที่ 4 ภาวะธาตุเหล็กเกินและการให้ยาขับธาตุเหล็กในผู้ป่วยธาลัสซีเมียที่พึ่งพาการให้เลือด -- บทที่ 5 ภาวะธาตุเหล็กเกินและการให้ยาขับธาตุเหล็กในผู้ป่วยธาลัสซีเมียที่ไม่พึ่งพาการให้เลือด -- บทที่ 6 การปลูกถ่ายเซลล์ต้นกำเนิดเม็ดโลหิต -- บทที่ 7 ภาวะแทรกซ้อนในผู้ป่วยธาลัสซีเมีย -- บทที่ 8 การตัดม้าม -- บทที่ 9 ยากระตุ้นการเจริญเต็มที่ของเม็ดเลือดแดง -- บทที่ 10 การให้ยากระตุ้นการสร้างฮีโมโกลบิน เอฟ -- บทที่ 11 การดูแลทั่วไปและโภชนาการ -- บทที่ 12 คำแนะนำสำหรับผู้ป่วยและครอบครัว -- บทที่ 13 การดูแลสุขภาพฟัน -- บทที่ 14 การดูแลรักษาการตั้งครรภ์ในผู้ป่วยธาลัสซีเมีย -- บทที่ 15 การตรวจคัดกรองคู่เสี่ยงและการวินิจฉัยโรคธาลัสซีเมียชนิดรุนแรงในทารกในครรภ์ -- บทที่ 16 ภาวะทารกในครรภ์บวมน้ำจากฮีโมโกลบินเอชและโฮโมซัยกัสฮีโมโกลบินคอนสแตนท์สปริง -- บทที่ 17 การจัดระบบการให้บริการสำหรับผู้ป่วยธาลัสซีเมีย
650  4 ^aเลือดจาง^xการรักษา
650  4 ^aธาลัสซีเมีย^xการรักษา
700 0  ^aบุญชู พงศ์ธนากุล,^eบรรณาธิการ
700 0  ^aพิมพ์ลักษณ์ เจริญขวัญ,^eบรรณาธิการ
700 0  ^aอดิศักดิ์ ตันติวรวิทย์,^eบรรณาธิการ
700 0  ^aฉัตรี หาญทวีพันธุ์,^eบรรณาธิการ
700 0  ^aณัฐติยา เตียวตระกูล,^eบรรณาธิการ
700 0  ^aเดือนธิดา ทรงเดช,^eบรรณาธิการ
710 2  ^aสมาคมโลหิตวิทยาแห่งประเทศไทย. ^bคณะอนุกรรมการจัดทำแนวทางการรักษาโรค Red Cell Disorders
999    ^aบรรณารักษ์
รายการนี้ยังไม่มีแท็ก
คุณยังไม่ได้ล็อกอิน คุณสามารถมีกิจกรรมร่วมกับเว็บไซต์ได้ แต่ต้องล็อกอินก่อน ::
  ล็อกอิน
ลำดับที่ ประเภท เลขเรียก/บาร์โค้ด สถานที่ สถานะ
1. หนังสือ
หนังสือ
WH170 น927 2568 c.1 
  Barcode: 087912
ห้องสมุดสาขาหลัก
►หนังสือทั่วไป
On Shelf
2. หนังสือ
หนังสือ
WH170 น927 2568 c.2 
  Barcode: 087913
ห้องสมุดสาขาหลัก
►หนังสือทั่วไป
On Shelf
3. หนังสือ
หนังสือ
WH170 น927 2568 c.3 
  Barcode: 087914
ห้องสมุดสาขาหลัก
►หนังสือทั่วไป
On Shelf
4. หนังสือ
หนังสือ
WH170 น927 2568 c.4 
  Barcode: 087915
ห้องสมุดสาขาหลัก
►หนังสือทั่วไป
On Shelf
5. หนังสือ
หนังสือ
WH170 น927 2568 c.5 
  Barcode: 087916
ห้องสมุดสาขาหลัก
►หนังสือทั่วไป
On Shelf
   [แสดง 5/5 รายการ]

BibComment


ยังไม่เคยถูกคอมเมนท์

คอมเมนท์ทรัพยากรรายการนี้
  คอมเมนท์: แนวทางเวชปฏิบัติ..
Bib 13399128798

 
 
 

 Union Library Management : ULibM
Copyright 2026. All Rights Reserved.